000 00339nam a22001457a 4500
020 _a978-81-264-6395-4
082 _a894.812.1
_bONV/A
100 _aO N V
245 _aARIKIL NEE UNDAYIRUNNENKIL
_bORMMAYUDE MATTORU KALAVARA
260 _aKOTTAYAM
_bDC BOOKS
_c2017
300 _a223
520 _aPOETRY
650 _aPOETRY
942 _cBK
999 _c4145
_d4145